• 首页
  • 本馆介绍
  • 公告通知
  • 最新文献
  • 馆藏检索
  • 电子资源
  • 读者导购
  • 参考咨询
  • 我的图书馆
  • 登录
  • 详细信息显示
  • 放入我的书架
  • 预约/预借图书
  • 作者相关作品
  • 分类相关作品
  • 丛书相关作品
  • 出版社相关作品

书目信息

  • 表格格式
  • 工作单格式
  • 卡片格式
题名:
高等数学
    
 
作者: 王守祯 , 雷孟京 主编
分册: 二   线性代数与概率统计
出版信息: 北京   经济科学出版社  2014
页数: 247页
开本: 24cm
丛书名:
单 册:
中图分类: O13 , O151.2
科图分类:
主题词: 高等数学--教材--高等学校 , 线性代数--教材--高等学校 , 概率论--教材--高等学校 , 数理统计--教材--高等学校
电子资源:
ISBN: 978-7-5141-5198-5
000 00990nam0 2200277 450
001 2099
005 20161205095637.03
010    @a978-7-5141-5198-5@dCNY39.00
100    @a20150107d2014 em y0chiy50 ea
101 0  @achi
102    @aCN@b110000
105    @ay z 000yy
200 1  @a高等数学@9gao deng shu xue@h二@i线性代数与概率统计@f王守祯,雷孟京主编
210    @a北京@c经济科学出版社@d2014
215    @a247页@d24cm
330    @a本书共分为线性代数和概率统计两部分,内容包括:行列式、矩阵及其运算、线性方程组、相似矩阵与二次型、随机事件与概率、随机变量及其分布、多维随机变量及其分布等。
606 0  @a高等数学@j教材@x高等学校
606 0  @a线性代数@j教材@x高等学校
606 0  @a概率论@j教材@x高等学校
606 0  @a数理统计@j教材@x高等学校
690    @aO13@v5
690    @aO151.2@v5
701  0 @a王守祯@9wang shou zhen@f(1964~)@4主编
701  0 @a雷孟京@9lei meng jing@f(1963~)@4主编
801  0 @aCN@b大连网信软件有限公司图书馆·11@c20161205
905    @aZUCC@dO13@e527:2
    
    高等数学.二.线性代数与概率统计/王守祯,雷孟京主编.-北京:经济科学出版社,2014
    247页;24cm
    
    
    ISBN 978-7-5141-5198-5:CNY39.00
    本书共分为线性代数和概率统计两部分,内容包括:行列式、矩阵及其运算、线性方程组、相似矩阵与二次型、随机事件与概率、随机变量及其分布、多维随机变量及其分布等。
●
相关链接 在E读中查询图书 在五车中查询图书 在当当中查询图书 在豆瓣中查询图书


正题名:高等数学     索取号:O13/527:2         预约/预借

序号 登录号 条形码 馆藏地/架位号 状态 备注
1 910421   209104217   第二样本阅览室/ [索取号:O13/527:2] 在馆    
2 910422   209104226   第三借阅区/ [索取号:O13/527:2] 在馆    
3 910423   209104235   第三借阅区/ [索取号:O13/527:2] 在馆    
4 910424   209104244   第三借阅区/ [索取号:O13/527:2] 在馆    
5 910425   209104253   第三借阅区/ [索取号:O13/527:2] 在馆    
唐山师范学院图书馆 欢迎您!
大连网信软件有限公司© 版权所有